Normal view
MARC view
Entry Topical Term
001 - CONTROL NUMBER
- control field: 7493
003 - CONTROL NUMBER IDENTIFIER
- control field: dpl
005 - DATE AND TIME OF LATEST TRANSACTION
- control field: 20100806120745.0
008 - FIXED-LENGTH DATA ELEMENTS
- fixed length control field: 100806|||a|||||| | ||| d
040 ## - CATALOGING SOURCE
- Original cataloging agency: dpl
- Transcribing agency: dpl
150 ## - HEADING--TOPICAL TERM
- Topical term or geographic name as entry element: Microeconomics
670 ## - SOURCE DATA FOUND
- Source citation: Work cat.: (dpl): Malathi, S. 7492, A text Book on an introduction to macro economics /, 2008
670 ## - SOURCE DATA FOUND
- Source citation: Work cat.: (dpl): Malathi, S. 7492, A text Book on an introduction to macro economics /, 2008
